Villes des Pyrénées Orientales - Mort Subite - Statistiques

Statistiques générales
  • Ce quiz a été pris 152 fois
  • Le résultat moyen est 7 sur 20
Answers on the Grid
Answers color-coded by a green-red scale on the quiz's grid according to % correct below.
Collioure
Cerbère
Perpignan
Canet-en-Roussillon
Banyuls-sur-Mer
Le Barcarès
La Grande-Motte
Thuir
Font-Romeu-Odeillo-Via
Saillagouse
Porté-Puymorens
Barcelonette
L'Hospitalet-près-l'Andorre
Ax-les-Thermes
Céret
Le Boulou
Saint-Cyprien
Tautavel
Rocamadour
Rivesaltes
Le Perthus
Maureillas-las-Illas
Toulouges
Vinça
Les Angles
Saintes-Maries-de-la-Mer
Prades-le-Lez
Vendres
Vias
Leucate
Toulouse
Albi
Millau
Annecy
Cucugnan
Puilaurens
Encamp
Llorts
Saint-Gaudens
Bagnères-de-Luchon
Pau
Lourdes
Hendaye
Saint-Jean-Pied-de-Port
Dax
Pamiers
Muret
Foix
Castelnaudary
La Clusaz
 
Statistiques - réponses
Réponse % Correct
Perpignan
58%
Banyuls-sur-Mer
55%
Collioure
50%
Cerbère
47%
Céret
45%
Canet-en-Roussillon
40%
Rivesaltes
39%
Saint-Cyprien
39%
Tautavel
37%
Thuir
37%
Font-Romeu-Odeillo-Via
35%
Le Boulou
35%
Le Perthus
35%
Vinça
34%
Les Angles
32%
Le Barcarès
29%
Porté-Puymorens
24%
Saillagouse
24%
Toulouges
24%
Maureillas-las-Illas
23%
Aucun quiz correspondant
Distribution des résultats
% des personnes avec chaque résultat
Percentile par nombre de réponses
Votre historique - résultats
Vous n’avez pas pris ce quiz